| 000 | 00000nam##2200000za#4500 |
| 001 | 9.574194 |
| 003 | CaOODSP |
| 005 | 20210624184050 |
| 007 | cr ||||||||||| |
| 008 | 150406|2005||||xxc|||||o f|0| 0 eng|d |
| 022 | |a1488-5379 |
| 040 | |aCaOODSP|beng |
| 043 | |an-cn--- |
| 086 | 1 |aFs97-6/2609E-PDF |
| 110 | 1 |aCanada. |bDepartment of Fisheries and Oceans. |bGulf Region. |
| 245 | 12|aA third-generation direct-entry system for gathering biological data from fish / |h[electronic resource]|c[by] Clarence Bourque and Colin MacDougall. |
| 260 | |aMoncton - New Brunswick : |bFisheries and Oceans Canada. |cc2005. |
| 300 | |a71p.|bgraphs, table, photographs |
| 490 | 1 |aCanadian technical report of fisheries and aquatic sciences|x1488-5379|vNo. 2609 |
| 500 | |aThe catalogue number (Fs97-6/2609) and ISSN (0706-6457) for the print edition have been incorrectly copied in this electronic publication. |
| 546 | |a(Résumé en français) |
| 590 | |a12-23-Supp|b2012-05-28 |
| 720 | 1 |aBourque, Clarence |
| 720 | 1 |aMacDougall, Colin |
| 776 | 0#|tA third-generation direct-entry system for gathering biological data from fish / |w(CaOODSP)9.617697 |
| 830 | #0|aCanadian technical report of fisheries and aquatic sciences,|x1488-5379|vNo. 2609|w(CaOODSP)9.504449 |
| 856 | 40|ahttp://publications.gc.ca|qPDF|s9.74 MB|uhttps://publications.gc.ca/collections/collection_2012/mpo-dfo/Fs97-6-2609-eng.pdf|yNo. 2609 |